| 000 | 01350cad a22002175a 4500 | ||
|---|---|---|---|
| 001 | L140145 | ||
| 008 | 070907s2007 xxk f 000 0 eng d | ||
| 035 | _a(Sirsi) u140145 | ||
| 041 | 0 | _aeng | |
| 050 | 0 | 4 | _a336.276 $2 18 |
| 110 | 2 |
_aKingston University _94870 |
|
| 245 | 0 | 0 |
_aValuing our heritage _ba discussion document _h[electronic resource] |
| 260 |
_aKingston _bKingston University _c2007 |
||
| 505 | 2 | _aIntroduction -- Benefits of recognition -- The challenges for preparers -- The definition and categorisation of heritage assets -- The valuation of heritage assets -- Alternatives approaches | |
| 520 | _aSeeking to inform the dabate about how to whether to value heritage assets for the purposes of the balance sheets within both public and private sector organisations, this consultation document was commissioned by the RICS on the valuation of UK cultural heritage assets. Closing date 19 October 2007. (See also L132612 and L136586). | ||
| 590 | _aKA | ||
| 651 | 4 |
_aUnited Kingdom _y |
|
| 690 | _aPROPERTY-PROPERTY APPRAISAL AND VALUATION | ||
| 856 | 4 | 0 |
_uhttps://cfg.org.uk/Policy/have-your-say/consultations/closed-consultations/2007/november/~/media/Files/Policy/Have%20your%20Say/Policy_CFDG_Response_Heritage_Asset_Valuing_Heritage_Discussion_Aug07.ashx _zView this item free of charge at http://new.cfdg.org.uk |
| 942 | _n0 | ||
| 999 |
_c107439 _d107439 |
||